Hybrid Simulation of Turbulent Natural Convection in an Enclosure with Thermally-Conductive Walls; International Journal of Applied Mechanics; Vol. 13, iss. 6

Bibliographic Details
Parent link:International Journal of Applied Mechanics
Vol. 13, iss. 6.— 2021.— [2150059, 17 p.]
Main Author: Nee A. E. Aleksandr Eduardovich
Corporate Author: Национальный исследовательский Томский политехнический университет Инженерная школа энергетики Научно-образовательный центр И. Н. Бутакова (НОЦ И. Н. Бутакова)
Other Authors: Chamkha A. J. Ali
Summary:Title screen
This paper analyzes the interaction of high Rayleigh number flow with conjugate heat transfer. The two-relaxation time lattice Boltzmann is used as a turbulent buoyancy-driven flow solver whereas the implicit finite difference technique is applied as a heat transfer solver. An in-house numerical code is developed and successfully validated on typical CFD problems. The impact of the Biot number, heat diffusivity ratio and the Rayleigh number on turbulent fluid flow and heat transfer patterns is studied. It is revealed that the thermally-conductive walls of finite thickness reduce the heat transfer rate. The temperature of the cooled wall slightly depends on the value of the buoyancy force. The heat diffusivity ratio has a significant effect on thermal and flow behavior. The Biot number significantly affects the mean Nusselt number at the right solid–fluid interface whereas the mean Nusselt number at the left interface is almost insensible to the Biot number variation.
Language:English
Published: 2021
Subjects:
Online Access:http://earchive.tpu.ru/handle/11683/73241
https://doi.org/10.1142/S1758825121500599
Format: Electronic Book Chapter
KOHA link:https://koha.lib.tpu.ru/cgi-bin/koha/opac-detail.pl?biblionumber=668206

MARC

LEADER 00000naa0a2200000 4500
001 668206
005 20250320110131.0
035 |a (RuTPU)RU\TPU\network\39430 
035 |a RU\TPU\network\38160 
090 |a 668206 
100 |a 20220630d2021 k||y0rusy50 ba 
101 0 |a eng 
102 |a US 
135 |a drcn ---uucaa 
181 0 |a i  
182 0 |a b 
200 1 |a Hybrid Simulation of Turbulent Natural Convection in an Enclosure with Thermally-Conductive Walls  |f A. E. Nee, A. J. Chamkha 
203 |a Text  |c electronic 
300 |a Title screen 
330 |a This paper analyzes the interaction of high Rayleigh number flow with conjugate heat transfer. The two-relaxation time lattice Boltzmann is used as a turbulent buoyancy-driven flow solver whereas the implicit finite difference technique is applied as a heat transfer solver. An in-house numerical code is developed and successfully validated on typical CFD problems. The impact of the Biot number, heat diffusivity ratio and the Rayleigh number on turbulent fluid flow and heat transfer patterns is studied. It is revealed that the thermally-conductive walls of finite thickness reduce the heat transfer rate. The temperature of the cooled wall slightly depends on the value of the buoyancy force. The heat diffusivity ratio has a significant effect on thermal and flow behavior. The Biot number significantly affects the mean Nusselt number at the right solid–fluid interface whereas the mean Nusselt number at the left interface is almost insensible to the Biot number variation. 
461 1 |t International Journal of Applied Mechanics 
463 1 |t Vol. 13, iss. 6  |v [2150059, 17 p.]  |d 2021 
610 1 |a электронный ресурс 
610 1 |a труды учёных ТПУ 
610 1 |a hybrid LBM 
610 1 |a turbulent natural convection 
610 1 |a FDM 
610 1 |a conjugate heat transfer 
610 1 |a конвекция 
610 1 |a сопряженный теплообмен 
700 1 |a Nee  |b A. E.  |c specialist in the field of thermal engineering  |c Associate Professor of Tomsk Polytechnic University, Candidate of Sciences  |f 1990-  |g Aleksandr Eduardovich  |3 (RuTPU)RU\TPU\pers\35708  |9 18868 
701 1 |a Chamkha  |b A. J.  |g Ali 
712 0 2 |a Национальный исследовательский Томский политехнический университет  |b Инженерная школа энергетики  |b Научно-образовательный центр И. Н. Бутакова (НОЦ И. Н. Бутакова)  |3 (RuTPU)RU\TPU\col\23504 
801 0 |a RU  |b 63413507  |c 20221026  |g RCR 
856 4 |u http://earchive.tpu.ru/handle/11683/73241 
856 4 |u https://doi.org/10.1142/S1758825121500599 
942 |c CF